01499agaaa2200313 45000010005000000030009000050050017000140070009000310080040000400400023000800410013001031000047001161300009001632400016001722450157001882460009003452500022003542600128003763000035005045080193005395110089007325200092008215380009009135460013009226500069009357000059010047000057010637000065011200836IT-RoPAU20220918181249.0d cvaizq50131s9999||||xx ||| | || ||und|| aIT-RoPAUcIT-RoPAU aITALIANO aPolanski RomangCodice regista SPICS: 1627 aTESS aTESSgT1715 aTESScProdotto da: Berri Claude -- Sceneggiatura: Brach Gerard Polanski Roman -- Diretto da: Polanski RomanpTESS (Rif. Codice opera principale : V0836) aTESS aEdizione Standard aFRANCIA (FRANCIA - INGHILT)bRENN PRODUCTIONS / Distribuzione: SPF FIRENZEg"1979 (1° ed.: 1993 ; Ed. Lingua Orig.: 1979)" a16MMbsonoro, col.c180 minuti a"Fotografia: Unsworth G. Ghislam ; Montaggio: Mcintyre Alastair; Musica: Sarde Philippe; Sceneggiatura: Brach Gerard Polanski Roman; Scenografia: Guffroy Pierre; Coreografia: Lefton Sue; " a"Collin John; Church Tony; Kinski Nastassia; Erin Brigin; Bires Jeanne; Firth Peter" aFILM A COLORI. PELLICOLA IN BUONO STATO. PER LA TRAMA VEDERE VIDEOCASSETTA: 9960/21585. aMONO aITALIANO aDRAMMATICOePELLICOLE CINEMA [16 MM]xCodice MATERIA SPICS: 9955 aPolanski Roman e(regista)gCodice regista SPICS: 1627 aSarde Philippee(musica)gCodice Musica SPICS: 11145 aSuttor Timothy L. e(soggetto)gCodice Soggetto SPICS: 28825